000 00502nam a22001697a 4500
999 _c61365
_d61365
005 20240226101857.0
008 240226s2006 tu ||||| |||| 00| 0 tur d
020 _a9753385897x
041 _atur
080 _a811.512.161 E-66
100 _aErcilasun, Ahmet B.
_921283
245 _aBaslangictan Yirminci Yuzyila Turk Dili Tarihi /
_cAhmet B. Ercilasun.
264 _aAnkara :
_bAkcag Yayinlari\,
_c2006.
300 _a486 p.
_b24 cm.
653 _aთურქული ენა
942 _2udc
_cBK